[Event "II Festival Capo d'Orso"]
[Site "Portomannu - Palau ITA"]
[Date "2008.05.22"]
[Round "7"]
[White "Gozzi, Giorgio"]
[Black "Bove, Alessandro"]
[Result "0-1"]
[WhiteElo "1839"]
[BlackElo "2215"]
[PlyCount "102"]
[EventDate "2008.05.17"]

1. e4 Nf6 2. Nc3 c6 3. e5 Nd5 4. Nxd5 cxd5 5. d4 d6 6. exd6 Qxd6 7. Nf3 Nc6 8.
c3 Bf5 9. Bd3 Bxd3 10. Qxd3 a6 11. O-O Qg6 12. Qxg6 hxg6 13. Bf4 f6 14. Rfe1
Kf7 15. Re2 Rc8 16. Ne1 e6 17. Nd3 Be7 18. Rae1 Nd8 19. Bg3 Re8 20. h3 Rc6 21.
Kf1 b5 22. a3 a5 23. Rc1 b4 24. axb4 axb4 25. cxb4 Rxc1+ 26. Nxc1 Nc6 27. Rc2
Nxd4 28. Rc7 e5 29. f3 Rb8 30. Nd3 Nf5 31. Bf2 d4 32. g4 Nd6 33. Be1 Rc8 34.
Rc5 Ke6 35. Ke2 Kd7 36. Bd2 Rc6 37. b3 Bd8 38. Rxc6 Kxc6 39. Nc5 Be7 40. Kd3
Kd5 41. Be1 f5 42. Na6 e4+ 43. fxe4+ fxe4+ 44. Ke2 d3+ 45. Kd1 e3 46. Nc7+ Ke4
47. h4 d2 48. Bxd2 exd2 49. Kxd2 Bxh4 50. Ne6 Bf6 51. Nf8 g5 0-1

[Event "II Festival Capo d'Orso"]
[Site "Portomannu - Palau ITA"]
[Date "2008.05.22"]
[Round "7"]
[White "Graziani, Roberto"]
[Black "Ciobanu, Camelia-Adriana"]
[Result "0-1"]
[WhiteElo "1608"]
[BlackElo "2205"]
[PlyCount "72"]
[EventDate "2008.05.17"]

1. e4 e6 2. d4 d5 3. Nc3 Nf6 4. e5 Nfd7 5. f4 c5 6. Nf3 Nc6 7. Be3 a6 8. dxc5
Bxc5 9. Nd4 Qc7 10. Qd2 b5 11. Be2 Ne7 12. Bg4 Nb6 13. b3 h5 14. Bf3 Bb4 15.
Nde2 Nf5 16. Bf2 Bd7 17. a3 Bc5 18. Nd1 a5 19. g3 a4 20. O-O g6 21. Ndc3 axb3
22. cxb3 Rxa3 23. Rxa3 Bxa3 24. Ra1 Bc5 25. Nd4 Nxd4 26. Bxd4 O-O 27. Be2 b4
28. Nb5 Bxb5 29. Bxb5 Bxd4+ 30. Qxd4 Qc3 31. Qxc3 bxc3 32. Rc1 d4 33. Kf2 Nd5
34. Ke2 Nb4 35. Bc4 Ra8 36. Rd1 Ra2+ 0-1

[Event "II Festival Capo d'Orso"]
[Site "Portomannu - Palau ITA"]
[Date "2008.05.22"]
[Round "7"]
[White "Haslinger, Stewart G."]
[Black "Ibba, Isacco"]
[Result "1-0"]
[WhiteElo "2500"]
[BlackElo "2222"]
[PlyCount "61"]
[EventDate "2008.05.17"]

1. e4 d5 2. exd5 Qxd5 3. Nc3 Qa5 4. Bc4 Bf5 5. d3 e6 6. Bd2 c6 7. Qe2 Nf6 8. h3
Qc7 9. g4 Bg6 10. f4 Be7 11. Nf3 Nbd7 12. O-O-O O-O 13. Bxe6 fxe6 14. Qxe6+ Rf7
15. f5 Nc5 16. Qe2 Bxf5 17. gxf5 Nh5 18. Rhg1 Ng3 19. Qf2 Nxf5 20. Ng5 Rf6 21.
d4 Nh6 22. Qe2 Na6 23. Ne6 Qd7 24. Nxg7 Kh8 25. Ne4 Rg6 26. Qh5 Rxg1 27. Rxg1
Ng8 28. Qe5 Qd5 29. Bf4 h6 30. Nf5+ Qxe5 31. Bxe5+ 1-0

[Event "II Festival Capo d'Orso"]
[Site "Portomannu - Palau ITA"]
[Date "2008.05.22"]
[Round "7"]
[White "Hillarp Persson, Tiger"]
[Black "Marin, Mihail"]
[Result "1/2-1/2"]
[WhiteElo "2491"]
[BlackElo "2556"]
[PlyCount "81"]
[EventDate "2008.05.17"]

1. e4 e5 2. Nf3 Nc6 3. Bb5 a6 4. Ba4 Nf6 5. O-O Nxe4 6. d4 b5 7. Bb3 d5 8. dxe5
Be6 9. Be3 Be7 10. c3 Nc5 11. Bc2 Nd7 12. Re1 Ndxe5 13. Nxe5 Nxe5 14. Bd4 f6
15. Bxe5 fxe5 16. Rxe5 Bf7 17. Qe2 Kf8 18. Nd2 Bd6 19. Re3 g6 20. Nf3 Kg7 21.
Ne5 Bxe5 22. Rxe5 Qf6 23. f4 c5 24. Qf2 Rac8 25. Bb3 Rhd8 26. g4 Rc7 27. Rd1
Qd6 28. Kg2 d4 29. cxd4 cxd4 30. Bxf7 Rxf7 31. Rd3 Qc6+ 32. Kg3 Qc4 33. Qd2
Qxa2 34. Rxd4 Rxd4 35. Qxd4 Qc4 36. Qxc4 bxc4 37. Rc5 Rb7 38. Rxc4 Rxb2 39.
Rc7+ Kg8 40. Ra7 Ra2 41. h3 1/2-1/2

[Event "II Festival Capo d'Orso"]
[Site "Portomannu - Palau ITA"]
[Date "2008.05.22"]
[Round "7"]
[White "Houweling, Bert"]
[Black "De Zaiacomo, Tonino"]
[Result "1-0"]
[WhiteElo "2032"]
[BlackElo "1802"]
[PlyCount "25"]
[EventDate "2008.05.17"]

1. e4 e5 2. Nf3 Nc6 3. Bc4 Bc5 4. c3 h6 5. d4 exd4 6. cxd4 Bb4+ 7. Nc3 d6 8.
Qb3 Qe7 9. O-O Bxc3 10. bxc3 Nf6 11. e5 dxe5 12. Ba3 Qd8 13. Bxf7+ 1-0

[Event "II Festival Capo d'Orso"]
[Site "Portomannu - Palau ITA"]
[Date "2008.05.22"]
[Round "7"]
[White "Kekki, Petri"]
[Black "Coralli, Nevio"]
[Result "1-0"]
[WhiteElo "2411"]
[BlackElo "1539"]
[PlyCount "59"]
[EventDate "2008.05.17"]

1. d4 e6 2. c4 d5 3. Nc3 Nf6 4. cxd5 exd5 5. Bg5 c6 6. Qc2 Be7 7. e3 Be6 8. Bd3
Nbd7 9. Nge2 Rc8 10. Nf4 O-O 11. Nxe6 fxe6 12. O-O a6 13. Qe2 Qe8 14. e4 Qg6
15. f4 Qf7 16. e5 Ne8 17. Qg4 g6 18. Bh6 Ng7 19. Bxg7 Kxg7 20. f5 Qe8 21. f6+
Nxf6 22. exf6+ Bxf6 23. Rae1 Qd7 24. Na4 Rce8 25. Nc5 Qc8 26. Nxe6+ Kh8 27. Qh3
Rf7 28. Bxg6 Rxe6 29. Bxf7 Bxd4+ 30. Kh1 1-0

[Event "II Festival Capo d'Orso"]
[Site "Portomannu - Palau ITA"]
[Date "2008.05.22"]
[Round "7"]
[White "Klings, Peter"]
[Black "Salzano, Guido"]
[Result "1-0"]
[WhiteElo "2173"]
[BlackElo "1981"]
[PlyCount "73"]
[EventDate "2008.05.17"]

1. e4 c5 2. a3 g6 3. c3 Bg7 4. Nf3 Nc6 5. d4 cxd4 6. cxd4 d5 7. exd5 Qxd5 8.
Nc3 Qd8 9. d5 Ne5 10. Be2 Nxf3+ 11. Bxf3 Nf6 12. O-O O-O 13. Re1 a5 14. Bf4 Ra6
15. Rc1 Bd7 16. Rc2 Re8 17. Be2 Ra8 18. Rd2 Rc8 19. Qb3 e5 20. dxe6 Rxe6 21.
Qxb7 Qe8 22. Qf3 Bc6 23. Qd3 Ne4 24. Nxe4 Bxe4 25. Qb3 Qc6 26. Bf1 Bd5 27. Rxe6
Qxe6 28. Qd1 Bc6 29. Rd8+ Rxd8 30. Qxd8+ Qe8 31. Qxe8+ Bxe8 32. b4 axb4 33.
axb4 Bf8 34. b5 Bc5 35. Bc7 Kf8 36. b6 Ke7 37. b7 1-0

[Event "II Festival Capo d'Orso"]
[Site "Portomannu - Palau ITA"]
[Date "2008.05.22"]
[Round "7"]
[White "Korneev, Oleg"]
[Black "De Jong, Jan-Willem"]
[Result "1-0"]
[WhiteElo "2651"]
[BlackElo "2474"]
[PlyCount "87"]
[EventDate "2008.05.17"]

1. e4 e5 2. Nf3 Nc6 3. Bb5 a6 4. Ba4 Nf6 5. O-O Be7 6. Re1 b5 7. Bb3 d6 8. c3
O-O 9. h3 Na5 10. Bc2 d5 11. d4 dxe4 12. Nxe5 c5 13. Be3 Bb7 14. Nd2 Qc7 15.
Qb1 cxd4 16. Bxd4 Bd6 17. Ng4 Nxg4 18. hxg4 Bh2+ 19. Kh1 Bf4 20. Nxe4 Rfe8 21.
g5 Re6 22. Nc5 Rxe1+ 23. Qxe1 Bxg5 24. Nxb7 Nxb7 25. Qe4 g6 26. Re1 Rf8 27. b4
Bh6 28. Bb3 Bg7 29. Bxg7 Kxg7 30. Qd4+ Kg8 31. Qf6 Qd6 32. Re6 Qd2 33. Rb6 Qd7
34. Rxa6 Re8 35. Ra7 Re1+ 36. Kh2 Qd6+ 37. Qxd6 Nxd6 38. Rd7 Nf5 39. Rxf7 Kh8
40. Rb7 h5 41. Rxb5 Re2 42. Rb8+ Kh7 43. b5 Rxf2 44. b6 1-0

[Event "II Festival Capo d'Orso"]
[Site "Portomannu - Palau ITA"]
[Date "2008.05.22"]
[Round "7"]
[White "Marsili, Riccardo"]
[Black "Dehmel, Jens"]
[Result "1/2-1/2"]
[WhiteElo "1759"]
[BlackElo "2122"]
[PlyCount "50"]
[EventDate "2008.05.17"]

1. e4 e6 2. Nf3 d5 3. Nc3 Nf6 4. e5 Ng8 5. d4 b6 6. Bd3 Ba6 7. Bxa6 Nxa6 8. Qe2
Nb4 9. a3 Nc6 10. O-O Nge7 11. Bg5 Qd7 12. Bxe7 Bxe7 13. Nd1 Na5 14. Ne3 O-O
15. b4 Nc6 16. c4 a5 17. b5 Na7 18. a4 c6 19. bxc6 Nxc6 20. cxd5 exd5 21. Qb5
Rfd8 22. Rfc1 Nb4 23. Qxb6 Ra7 24. Qb5 Qxb5 25. axb5 Rb8 1/2-1/2

[Event "II Festival Capo d'Orso"]
[Site "Portomannu - Palau ITA"]
[Date "2008.05.22"]
[Round "7"]
[White "Muhren, Willem"]
[Black "Venturino, Federico"]
[Result "1-0"]
[WhiteElo "2240"]
[BlackElo "1913"]
[PlyCount "59"]
[EventDate "2008.05.17"]

1. e4 c5 2. d3 Nc6 3. g3 g6 4. Bg2 Bg7 5. f4 e6 6. Nf3 Nge7 7. c3 O-O 8. Be3 b6
9. O-O Ba6 10. Bf2 d6 11. Re1 Qc7 12. Qe2 Rfd8 13. Nbd2 Rac8 14. Nf1 d5 15. e5
c4 16. d4 b5 17. a3 Bb7 18. g4 a5 19. Bh4 Re8 20. Ng3 Qd7 21. Rf1 Kh8 22. Bf6
Bxf6 23. exf6 Ng8 24. Ne5 Nxe5 25. fxe5 Red8 26. g5 Qe8 27. Rf4 Qf8 28. Rh4 h5
29. Nxh5 Nh6 30. Ng7 1-0

[Event "II Festival Capo d'Orso"]
[Site "Portomannu - Palau ITA"]
[Date "2008.05.22"]
[Round "7"]
[White "Pedrinzani, Ivano"]
[Black "Diotallevi, Maurizio"]
[Result "0-1"]
[WhiteElo "1655"]
[BlackElo "2096"]
[PlyCount "124"]
[EventDate "2008.05.17"]

1. e4 e6 2. d3 d5 3. Nd2 Nf6 4. Ngf3 Nc6 5. g3 dxe4 6. dxe4 Bc5 7. Bg2 e5 8.
O-O O-O 9. a3 a5 10. Nh4 Re8 11. Nb3 Bb6 12. Be3 Bxe3 13. fxe3 b6 14. Nf5 Ba6
15. Re1 Qxd1 16. Raxd1 g6 17. Nh4 Rad8 18. Bf3 Kf8 19. Nc1 Ke7 20. Nd3 Rd7 21.
Nf2 a4 22. Ng4 Red8 23. Nxf6 Kxf6 24. Rxd7 Rxd7 25. Rd1 Re7 26. Kf2 Na5 27. Ke1
Bb7 28. Be2 Bxe4 29. Bd3 Bc6 30. Rd2 Ke6 31. g4 f6 32. h3 b5 33. Kd1 Nb7 34. c4
Nd6 35. cxb5 Bxb5 36. Bxb5 Nxb5 37. Ng2 Nd6 38. Ke2 c5 39. Ne1 Ne4 40. Rc2 f5
41. Nd3 Kd5 42. Nf2 Nxf2 43. Kxf2 Rb7 44. Ke2 Rb3 45. Kf2 f4 46. exf4 exf4 47.
Rd2+ Ke4 48. h4 Rh3 49. Re2+ Kd5 50. Rd2+ Kc6 51. Rd8 Rxh4 52. Kf3 g5 53. Rg8
h6 54. Rg6+ Kb5 55. Re6 Rh3+ 56. Kg2 Rg3+ 57. Kf2 Rxg4 58. Rxh6 Rh4 59. Rf6
Rh2+ 60. Kf3 Rxb2 61. Kg4 Rg2+ 62. Kf3 Rg3+ 0-1

[Event "II Festival Capo d'Orso"]
[Site "Portomannu - Palau ITA"]
[Date "2008.05.22"]
[Round "7"]
[White "Raimondi, Davide"]
[Black "Cardili, Mariano"]
[Result "0-1"]
[WhiteElo "1670"]
[BlackElo "2118"]
[PlyCount "40"]
[EventDate "2008.05.17"]

1. d4 d5 2. Nf3 Nf6 3. e3 e6 4. Bd3 c5 5. c3 Nc6 6. Nbd2 Bd6 7. O-O O-O 8. Re1
Qc7 9. Qe2 e5 10. dxe5 Nxe5 11. Bc2 Bg4 12. h3 Bh5 13. Bd1 Rfe8 14. Qf1 Bxf3
15. Nxf3 Ne4 16. Qe2 Nxf3+ 17. Qxf3 Re6 18. Rf1 Rf6 19. Qe2 Bh2+ 20. Kh1 Rxf2
0-1

[Event "II Festival Capo d'Orso"]
[Site "Portomannu - Palau ITA"]
[Date "2008.05.22"]
[Round "7"]
[White "Razzano, Lorenzo"]
[Black "Schacht, Holger"]
[Result "1-0"]
[WhiteElo "1895"]
[BlackElo "2240"]
[PlyCount "89"]
[EventDate "2008.05.17"]

1. e4 c5 2. Nf3 d6 3. d4 cxd4 4. Nxd4 Nf6 5. Nc3 g6 6. g3 Nc6 7. Bg2 Nxd4 8.
Qxd4 Bg7 9. O-O O-O 10. h3 Be6 11. Qd1 Qa5 12. Nd5 Rfe8 13. c3 Rac8 14. Be3 Nd7
15. f4 Bxd5 16. Qxd5 Qxd5 17. exd5 b6 18. a4 a5 19. Rfd1 Rb8 20. Bf1 Rec8 21.
Kg2 Rc7 22. Bb5 Bf8 23. Rac1 Bg7 24. g4 h6 25. h4 Nc5 26. Ra1 Bf6 27. Kg3 Bg7
28. h5 Bf6 29. g5 hxg5 30. fxg5 Be5+ 31. Kg4 gxh5+ 32. Kxh5 Kg7 33. Kg4 e6 34.
Bc6 f5+ 35. gxf6+ Bxf6 36. Rh1 Kf8 37. Raf1 Rg7+ 38. Kf3 Ke7 39. dxe6 Nd3 40.
Ke2 Ne5 41. Bd5 b5 42. Ba7 Rbg8 43. axb5 Ng4 44. b6 Rg5 45. Rh7+ 1-0

[Event "II Festival Capo d'Orso"]
[Site "Portomannu - Palau ITA"]
[Date "2008.05.22"]
[Round "7"]
[White "Rowson, Jonathan"]
[Black "Brunello, Sabino"]
[Result "1-0"]
[WhiteElo "2582"]
[BlackElo "2475"]
[PlyCount "75"]
[EventDate "2008.05.17"]

1. e4 e5 2. Nf3 Nc6 3. Bb5 a6 4. Bxc6 dxc6 5. O-O f6 6. d4 Bg4 7. c3 Bd6 8. Be3
Ne7 9. h3 Bxf3 10. Qxf3 Ng6 11. Nd2 Qe7 12. Nc4 a5 13. dxe5 Nxe5 14. Qh5+ Nf7
15. Nd2 a4 16. f4 O-O 17. a3 b6 18. Rae1 Ra5 19. Qd1 Bc5 20. Kh1 Rd8 21. Qc2
Bxe3 22. Rxe3 Qc5 23. Rfe1 Qh5 24. e5 fxe5 25. Nf3 Re8 26. fxe5 Nh6 27. e6 Nf5
28. Re5 Qg6 29. Qd1 Rxe5 30. Rxe5 h6 31. Qd7 Ng3+ 32. Kh2 Nh5 33. Qf7+ Qxf7 34.
exf7+ Kxf7 35. Rxh5 Re2 36. Rh4 Rxb2 37. Rxa4 Ke6 38. h4 1-0

[Event "II Festival Capo d'Orso"]
[Site "Portomannu - Palau ITA"]
[Date "2008.05.22"]
[Round "7"]
[White "Santiloni, Stefano"]
[Black "Friedrich, Norbert"]
[Result "0-1"]
[WhiteElo "1596"]
[BlackElo "2323"]
[PlyCount "78"]
[EventDate "2008.05.17"]

1. e4 c5 2. c3 Nf6 3. e5 Nd5 4. Nf3 e6 5. Bc4 d6 6. d4 cxd4 7. cxd4 Nb6 8. Bd3
Nc6 9. O-O Nb4 10. Bb5+ Bd7 11. Nc3 Be7 12. Qe2 O-O 13. Rd1 Rc8 14. exd6 Bxd6
15. Ne5 Bxb5 16. Qxb5 a6 17. Qe2 N6d5 18. Qg4 Nxc3 19. bxc3 Rxc3 20. Bg5 f5 21.
Qh5 Qc7 22. Qe2 Nc2 23. Rab1 Nxd4 24. Rxd4 Bxe5 25. Rdb4 b5 26. a4 Rb8 27. axb5
Rxb5 28. Rxb5 axb5 29. Qxb5 h6 30. Qe8+ Kh7 31. Qxe6 hxg5 32. Qxf5+ Kh6 33. g3
Rc1+ 34. Rxc1 Qxc1+ 35. Kg2 Qc6+ 36. Kg1 Qf6 37. Qe4 Bd4 38. Qc2 Qe5 39. h3
Qxg3+ 0-1

[Event "II Festival Capo d'Orso"]
[Site "Portomannu - Palau ITA"]
[Date "2008.05.22"]
[Round "7"]
[White "Schaefer, Michael"]
[Black "Antoniacci, Riccardo"]
[Result "1-0"]
[WhiteElo "2194"]
[BlackElo "1893"]
[PlyCount "77"]
[EventDate "2008.05.17"]

1. d4 Nf6 2. c4 e6 3. Nc3 Bb4 4. g3 O-O 5. Bg2 d5 6. Nf3 Nbd7 7. cxd5 exd5 8.
O-O Re8 9. Bf4 c6 10. Rc1 Nf8 11. Ne5 Ne6 12. Be3 c5 13. Nf3 Ng4 14. Bf4 Nxf4
15. gxf4 c4 16. Ne5 Nf6 17. b3 Ba3 18. Rb1 Bf5 19. bxc4 Bxb1 20. Qxb1 Ne4 21.
Nxd5 Nd2 22. Qxb7 Rxe5 23. dxe5 Nxf1 24. Bxf1 Bc5 25. Qb5 Rc8 26. Bh3 Qh4 27.
Ne7+ Kh8 28. e3 Bxe3 29. fxe3 Qe1+ 30. Bf1 Qxe3+ 31. Kg2 Rd8 32. Nd5 Qe4+ 33.
Kg3 g5 34. Qb2 gxf4+ 35. Kf2 Qh1 36. e6+ Kg8 37. exf7+ Kf8 38. Qh8+ Kxf7 39.
Qf6+ 1-0

[Event "II Festival Capo d'Orso"]
[Site "Portomannu - Palau ITA"]
[Date "2008.05.22"]
[Round "7"]
[White "Sprotte, Norbert"]
[Black "Buratti, Marco"]
[Result "0-1"]
[WhiteElo "2217"]
[BlackElo "2031"]
[PlyCount "152"]
[EventDate "2008.05.17"]

1. d4 d5 2. Nf3 Nc6 3. Bf4 Bg4 4. Nbd2 f6 5. c3 Qd7 6. h3 g5 7. Bh2 Bf5 8. e3
e6 9. Qa4 h5 10. h4 g4 11. Ng1 Nge7 12. Nb3 Nc8 13. Nc5 Bxc5 14. dxc5 O-O 15.
Bb5 Qh7 16. Qd1 Ne5 17. Qd4 c6 18. Be2 Nd3+ 19. Bxd3 Bxd3 20. Rd1 Bc2 21. Rc1
e5 22. Qd2 Bb1 23. a3 b6 24. cxb6 Nxb6 25. b3 Nd7 26. b4 Nb6 27. Qd1 Bd3 28.
Ne2 Nc4 29. O-O Nxa3 30. Ra1 Nc4 31. Re1 a5 32. Qa4 Ra6 33. b5 cxb5 34. Qxb5
Nxe3 35. Qc5 Nc2 36. Qxd5+ Kh8 37. Ng3 Nxe1 38. Rxe1 Bg6 39. Qb5 Raa8 40. Nf1
Bd3 41. Qd5 Rfd8 42. Qc6 Ra6 43. Qa4 Qd7 44. Qa3 a4 45. Rd1 Rd6 46. Ne3 Bc2 47.
Re1 Bb3 48. c4 Rd1 49. Nxd1 Qxd1 50. Rf1 Bxc4 51. Qf8+ Rxf8 52. Rxd1 a3 53. f4
f5 54. Bg3 a2 55. fxe5 f4 56. Be1 Rb8 57. e6 Bxe6 58. Bc3+ Kh7 59. Rd6 Rb1+ 60.
Kf2 Bc4 61. Rd7+ Kg6 62. Rd6+ Kf5 63. Rf6+ Ke4 64. g3 Rf1+ 65. Kg2 f3+ 66. Kh2
a1=Q 67. Bxa1 Rf2+ 68. Kh1 Rf1+ 69. Kh2 Rxa1 70. Rf4+ Ke3 71. Re4+ Kf2 72. Rxc4
Ra2 73. Rc1 Ke3+ 74. Kg1 Rg2+ 75. Kf1 Rxg3 76. Re1+ Kf4 0-1

[Event "II Festival Capo d'Orso"]
[Site "Portomannu - Palau ITA"]
[Date "2008.05.22"]
[Round "7"]
[White "Squarci, Franco"]
[Black "Zoldan, Matteo"]
[Result "0-1"]
[WhiteElo "1834"]
[BlackElo "2208"]
[PlyCount "70"]
[EventDate "2008.05.17"]

1. d4 Nf6 2. c4 g6 3. Nc3 Bg7 4. e4 d6 5. Bd3 O-O 6. Nge2 Nc6 7. O-O e5 8. d5
Nd4 9. b4 a5 10. b5 Nd7 11. Rb1 Qh4 12. Be3 f5 13. f3 b6 14. Nxd4 exd4 15. Bf2
Qh6 16. Ne2 Nc5 17. Bc2 fxe4 18. Bxe4 d3 19. Ng3 d2 20. Qc2 Be5 21. Rbd1 Bf4
22. Bd4 Nxe4 23. Qxe4 Bf5 24. Qe7 Rae8 25. Qg7+ Qxg7 26. Bxg7 Kxg7 27. Nxf5+
Rxf5 28. g3 Be3+ 29. Kg2 Rfe5 30. f4 Re4 31. Rf3 Rxc4 32. f5 Rc1 33. f6+ Kf7
34. Rxe3 Rxd1 35. Rc3 Rg1+ 0-1

[Event "II Festival Capo d'Orso"]
[Site "Portomannu - Palau ITA"]
[Date "2008.05.22"]
[Round "7"]
[White "Trifoni, Giorgio"]
[Black "Brugo, Marco"]
[Result "0-1"]
[WhiteElo "1643"]
[BlackElo "2102"]
[PlyCount "74"]
[EventDate "2008.05.17"]

1. Nf3 d5 2. d4 c6 3. Bf4 Bg4 4. Nbd2 e6 5. h3 Bf5 6. e3 Bd6 7. Bxd6 Qxd6 8.
Bd3 Nd7 9. Bxf5 exf5 10. c3 Ngf6 11. O-O Ne4 12. Qc2 O-O 13. a3 Rfe8 14. c4
Nxd2 15. Nxd2 f4 16. Qf5 fxe3 17. fxe3 Nf6 18. c5 Qe6 19. Rae1 Qxf5 20. Rxf5
Re6 21. Nf3 Rae8 22. Ne5 R6e7 23. Rf3 Ne4 24. Re2 Ng5 25. Rg3 f6 26. Nd3 Re4
27. Kf1 R4e7 28. Nf2 Ne6 29. Ng4 Kf7 30. Rf2 Nxd4 31. Rf4 Ne6 32. Ne5+ Kf8 33.
Rff3 Nxc5 34. Ng4 Ne4 35. Nxf6 Nxg3+ 36. Kf2 gxf6 37. Rxg3 Kf7 0-1

[Event "II Festival Capo d'Orso"]
[Site "Portomannu - Palau ITA"]
[Date "2008.05.23"]
[Round "8"]
[White "Bonanno, Alessandro"]
[Black "Jones, Alessandro"]
[Result "0-1"]
[WhiteElo "2142"]
[BlackElo "1980"]
[PlyCount "46"]
[EventDate "2008.05.17"]

1. e4 e5 2. f4 Bc5 3. Nf3 d5 4. Nxe5 dxe4 5. Qh5 Qf6 6. Bc4 Be6 7. Bxe6 Qxe6 8.
Nxf7 Qxf7 9. Qxc5 Nc6 10. O-O Nf6 11. Nc3 O-O-O 12. b4 Kb8 13. a4 Nd4 14. Rb1
b6 15. Qg5 h6 16. Qg3 Nd5 17. Rf2 e3 18. dxe3 Nxc3 19. exd4 Nxb1 20. Qd3 Rhe8
21. c4 Re1+ 22. Rf1 Qe7 23. Qxb1 Qe2 0-1

[Event "II Festival Capo d'Orso"]
[Site "Portomannu - Palau ITA"]
[Date "2008.05.23"]
[Round "8"]
[White "Bove, Alessandro"]
[Black "Braschi, Giancarlo"]
[Result "1/2-1/2"]
[WhiteElo "2215"]
[BlackElo "2082"]
[PlyCount "135"]
[EventDate "2008.05.17"]

1. e4 c5 2. Nf3 Nc6 3. Bc4 e6 4. O-O Nge7 5. Re1 d5 6. exd5 Nxd5 7. Nc3 Nxc3 8.
bxc3 Be7 9. Qe2 O-O 10. Qe4 Bf6 11. d4 cxd4 12. Bd3 g6 13. Bh6 Re8 14. Rad1
dxc3 15. Bb5 Qe7 16. Bxc6 bxc6 17. Ne5 Bxe5 18. Qxe5 f6 19. Qxc3 e5 20. Qxc6
Be6 21. Be3 Rac8 22. Qa4 Rc4 23. Qxa7 Qxa7 24. Bxa7 Ra8 25. Be3 Rxc2 26. Rd6
Kf7 27. Rb1 Rc7 28. Rbb6 Rxa2 29. h4 Re7 30. Rd8 Rc2 31. Rbb8 Kg7 32. Bb6 Rc1+
33. Kh2 Rc4 34. g3 Rc2 35. Be3 h6 36. Rb6 g5 37. Rdd6 Kf7 38. Rdc6 Rxc6 39.
Rxc6 Bd5 40. Rd6 Bf3 41. Bb6 Rb7 42. hxg5 hxg5 43. Bd8 g4 44. Rxf6+ Kg7 45.
Rxf3 gxf3 46. g4 Rd7 47. Bb6 Kg6 48. Kg3 Rd3 49. Bc7 Kf6 50. Bb6 Ke6 51. Kh4
Ra3 52. Kg3 Rd3 53. Kh4 Rd6 54. Be3 Kd5 55. Kh5 Ke4 56. Bc5 Rc6 57. Be3 Ra6 58.
Bc5 Kd5 59. Be3 Ke6 60. Kh4 Ra1 61. Kg3 e4 62. Kf4 Ra4 63. Bb6 Kf6 64. Bd8+ Kg6
65. Bb6 Rb4 66. Bc5 Rc4 67. Bb6 Ra4 68. Bc5 1/2-1/2

[Event "II Festival Capo d'Orso"]
[Site "Portomannu - Palau ITA"]
[Date "2008.05.23"]
[Round "8"]
[White "Brugo, Marco"]
[Black "Scalcione, Michelangelo"]
[Result "0-1"]
[WhiteElo "2102"]
[BlackElo "2455"]
[PlyCount "112"]
[EventDate "2008.05.17"]

1. d4 d6 2. e4 Nf6 3. f3 g6 4. c4 Bg7 5. Nc3 O-O 6. Be3 Nc6 7. Nge2 e5 8. d5
Ne7 9. Qd2 h5 10. h3 Bd7 11. g4 a6 12. Ng3 h4 13. Nge2 Nh7 14. f4 exf4 15. Nxf4
Re8 16. Bd3 Be5 17. Ng2 Bg3+ 18. Bf2 Bxf2+ 19. Qxf2 Nc8 20. Nxh4 b5 21. O-O Ng5
22. Kg2 b4 23. Ne2 Nb6 24. Ng3 Na4 25. Rae1 Nc5 26. Bc2 Re5 27. Nf3 Nxf3 28.
Qxf3 Qe7 29. Qf6 Qxf6 30. Rxf6 a5 31. Ref1 Be8 32. h4 a4 33. b3 axb3 34. axb3
Ra2 35. R1f2 Kg7 36. g5 Re7 37. R6f4 Nd7 38. Nf1 Ne5 39. Ne3 Bd7 40. Kg3 Re8
41. Rd2 Rea8 42. Rff2 R2a3 43. Rde2 Ra1 44. Rf1 Rxf1 45. Nxf1 Bg4 46. Rf2 Ra3
47. Ne3 Bh5 48. Rf1 Be2 49. Re1 Bh5 50. Rf1 Kf8 51. Rb1 Ke7 52. Bd1 Bxd1 53.
Nxd1 Nxc4 54. Rc1 Rxb3+ 55. Kf4 Ne5 56. Rxc7+ Kd8 0-1

[Event "II Festival Capo d'Orso"]
[Site "Portomannu - Palau ITA"]
[Date "2008.05.23"]
[Round "8"]
[White "Buratti, Marco"]
[Black "Molina, Fabrizio"]
[Result "0-1"]
[WhiteElo "2031"]
[BlackElo "2313"]
[PlyCount "34"]
[EventDate "2008.05.17"]

1. e4 e6 2. Nc3 d5 3. Nf3 Nf6 4. e5 Nfd7 5. d4 c5 6. Bb5 Nc6 7. O-O a6 8. Bxc6
bxc6 9. Bg5 Qc7 10. Re1 Rb8 11. Rb1 cxd4 12. Nxd4 Nb6 13. Qg4 Nc4 14. Nb3 Nxe5
15. Rxe5 Qxe5 16. Bf4 Rb4 17. Bxe5 Rxg4 0-1

[Event "II Festival Capo d'Orso"]
[Site "Portomannu - Palau ITA"]
[Date "2008.05.23"]
[Round "8"]
[White "Burlando, Alessandro"]
[Black "Schaefer, Michael"]
[Result "1-0"]
[WhiteElo "2141"]
[BlackElo "2194"]
[PlyCount "75"]
[EventDate "2008.05.17"]

1. d4 d5 2. c4 e6 3. Nc3 Nf6 4. Bg5 Be7 5. e3 h6 6. Bxf6 Bxf6 7. Qd2 O-O 8. Nf3
Nc6 9. O-O-O dxc4 10. Bxc4 e5 11. d5 Ne7 12. Ne4 Nf5 13. h3 Nd6 14. Bd3 Nxe4
15. Bxe4 g6 16. g4 Bg7 17. Rhg1 Qd6 18. Kb1 Bd7 19. h4 Rac8 20. h5 g5 21. Rc1
f5 22. gxf5 Bxf5 23. Qd3 Bxe4 24. Qxe4 Qf6 25. Nd2 Qxf2 26. Nc4 Qf5 27. Qxf5
Rxf5 28. Nd6 cxd6 29. Rxc8+ Bf8 30. e4 Rf4 31. Kc2 Rxe4 32. Rf1 Rf4 33. Rxf4
exf4 34. Kd3 g4 35. Rc4 Bg7 36. Rxf4 Bxb2 37. Rxg4+ Kh7 38. Rb4 1-0

[Event "II Festival Capo d'Orso"]
[Site "Portomannu - Palau ITA"]
[Date "2008.05.23"]
[Round "8"]
[White "Ciobanu, Camelia-Adriana"]
[Black "Houweling, Bert"]
[Result "1-0"]
[WhiteElo "2205"]
[BlackElo "2032"]
[PlyCount "57"]
[EventDate "2008.05.17"]

1. b3 e5 2. Bb2 Nc6 3. e3 d5 4. Bb5 Bd6 5. c4 Bd7 6. cxd5 Nb4 7. Be2 Nf6 8. d3
Nbxd5 9. Nf3 e4 10. dxe4 Bb4+ 11. Kf1 Ne7 12. a3 Ba5 13. b4 Bb6 14. Nc3 c6 15.
Ne5 Be6 16. Qc2 O-O 17. Na4 Bc7 18. Nc5 Qb8 19. f4 Bc8 20. Bf3 b6 21. Ncd3 Ba6
22. Kf2 h5 23. Qc3 Qc8 24. h3 Qe6 25. f5 Nxe4+ 26. Bxe4 Nxf5 27. Nf4 Nd6 28.
Bxc6 Qf5 29. Neg6 1-0

[Event "II Festival Capo d'Orso"]
[Site "Portomannu - Palau ITA"]
[Date "2008.05.23"]
[Round "8"]
[White "De Vreugt, Dennis"]
[Black "Spielmann, Alain"]
[Result "1/2-1/2"]
[WhiteElo "2403"]
[BlackElo "2308"]
[PlyCount "73"]
[EventDate "2008.05.17"]

1. e4 d6 2. d4 Nf6 3. Nc3 g6 4. Be3 c6 5. Qd2 b5 6. Bd3 Nbd7 7. Bh6 Bxh6 8.
Qxh6 e5 9. dxe5 dxe5 10. a4 b4 11. Nce2 Ng4 12. Qd2 Qe7 13. Nf3 O-O 14. Ng3 Nc5
15. h3 Nf6 16. O-O a5 17. Rfe1 Re8 18. Bc4 Ba6 19. Bxa6 Nxa6 20. Rad1 Nc5 21.
b3 Rad8 22. Qe3 Rxd1 23. Rxd1 Nfd7 24. Nf1 Nb6 25. c3 Ncd7 26. Rc1 c5 27. cxb4
cxb4 28. Rc6 Rc8 29. Rxb6 Rc3 30. Rb5 Rxe3 31. Nxe3 Nc5 32. Nd5 Qf8 33. Nxe5
Nxe4 34. Rxa5 Qd8 35. Rb5 Nc3 36. Nc6 Qd6 37. Ncxb4 1/2-1/2

[Event "II Festival Capo d'Orso"]
[Site "Portomannu - Palau ITA"]
[Date "2008.05.23"]
[Round "8"]
[White "Deruda, Leonardo"]
[Black "Danieli, Enrico"]
[Result "1-0"]
[WhiteElo "1872"]
[BlackElo "2119"]
[PlyCount "117"]
[EventDate "2008.05.17"]

1. d4 Nf6 2. Nc3 d5 3. Bg5 e6 4. e4 dxe4 5. Nxe4 Be7 6. Bxf6 Bxf6 7. Nf3 O-O 8.
c3 b6 9. Bd3 Bb7 10. h4 Nd7 11. Nfg5 h6 12. Qh5 Qe7 13. O-O-O c5 14. dxc5 Ne5
15. Bc2 Ng6 16. Rd7 Qxd7 17. Nxf6+ gxf6 18. Qxh6 Rfd8 19. Nh7 Qd2+ 20. Qxd2
Rxd2 21. Kxd2 Bxg2 22. Rh2 Rd8+ 23. Ke3 Bc6 24. cxb6 Ne5 25. Rh3 Nc4+ 26. Kf4
f5 27. Nf6+ Kg7 28. Kg5 Rd2 29. Bb3 Nxb6 30. h5 Rxf2 31. h6+ Kh8 32. Rd3 Rg2+
33. Kf4 Nd5+ 34. Bxd5 exd5 35. Nxd5 Bxd5 36. Rxd5 Rxb2 37. Ra5 Rc2 38. Ra3 Kh7
39. Ra6 Rxc3 40. Kxf5 Rc7 41. a4 Rb7 42. a5 Rc7 43. Ke5 Rd7 44. Rf6 Rb7 45. a6
Rd7 46. Ke4 Kg8 47. Ke5 Kh7 48. Rc6 Re7+ 49. Kd5 Rd7+ 50. Kc5 Re7 51. Rf6 Rd7
52. Kc6 Re7 53. Kd6 Re1 54. Rxf7+ Kxh6 55. Rxa7 Rd1+ 56. Kc7 Ra1 57. Ra8 Kg6
58. Kb7 Rb1+ 59. Ka7 1-0